| 000 | 00552nam a2200133Ia 4500 | ||
|---|---|---|---|
| 008 | 160809s9999 xx 000 0 und d | ||
| 100 | _aAl-Dababneh, Kholoud A. | ||
| 245 | _aNEEDS OF PARENTS CARING FOR CHILDREN WITH PHYSICAL DISABILITIES: A CASE STUDY IN JORDAN | ||
| 245 | _cKholoud A. Al-Dababneh Merfat Fayez Hashemite University Osama Bataineh Yarmouk University . | ||
| 260 | _bInternational Journal of Special Education | ||
| 260 | _c2012 | ||
| 650 | _xSPECIAL EDUCATION | ||
| 856 | _uhttp://www.internationaljournalofspecialed.com/issues.php | ||
| 999 |
_c300376 _d300376 |
||